Cẩm nang tự trang trí nhà đẹp
v..v
Đã lưu trong:
| Tác giả chính: | |
|---|---|
| Định dạng: | Sách |
| Năm xuất bản: |
TP. Hồ Chí Minh.
Nxb Trẻ
1999
|
| Chủ đề: | |
| Tags: |
Thêm thẻ
Không có thẻ, Hãy là người đầu tiên gắn thẻ bản ghi này!
|
| LEADER | 00762nam a2200169 4500 | ||
|---|---|---|---|
| 082 | |a 747 |b G400W | ||
| 100 | |a MCGOWAN, JOHN | ||
| 245 | |a Cẩm nang tự trang trí nhà đẹp |c Join Mc Gowan, Roger Dubern | ||
| 260 | |a TP. Hồ Chí Minh. |b Nxb Trẻ |c 1999 | ||
| 300 | |a 208tr. |c 21cm | ||
| 520 | |a v..v | ||
| 653 | |a Nghệ thuật | ||
| 653 | |a Trang trí nội thất | ||
| 942 | |2 ddc |c STK0 | ||
| 999 | |c 4116 |d 4116 | ||
| 952 | |0 0 |1 0 |2 ddc |4 0 |6 747_000000000000000_G400W |7 0 |8 700 |9 41719 |a qbu |b qbu |c D5 |d 2014-12-18 |g 54000 |o 747 G400W |p 4672.c1 |r 0000-00-00 |w 2014-12-18 |y STK0 |0 0 |6 747_000000000000000_G400W | ||
| 952 | |0 0 |1 0 |2 ddc |4 0 |6 747_000000000000000_G400W |7 0 |8 700 |9 41720 |a qbu |b qbu |c D5 |d 2014-12-18 |g 54000 |o 747 G400W |p 4672.c2 |r 0000-00-00 |w 2014-12-18 |y STK0 |0 0 |6 747_000000000000000_G400W | ||